| 000 | 01201nam a22004217a 4500 | ||
|---|---|---|---|
| 003 | OSt | ||
| 005 | 20211014100129.0 | ||
| 007 | ta | ||
| 008 | 210201e2019 dr a|||er|||| 001 jdspa d | ||
| 020 | _a9789945806663 | ||
| 040 |
_aDO-SdBNP _bspa _cBNPHU |
||
| 041 | _hspa | ||
| 082 |
_aBNPHU- xxx _bR466m |
||
| 100 | 1 |
_aReynoso, Menoscal _941 |
|
| 245 |
_aIntermitencia del pánico : _b(cuentos) / Rafael Menoscal Reynoso ; Wilson Morfe , ilustraciones. |
||
| 246 | _aCuentos | ||
| 260 |
_aSanto Domingo _bBúho , _c2019 |
||
| 300 |
_a141 pg. _bil. _c20 cm |
||
| 505 | 0 | _aNotas preliminares : Guillermo Sención | |
| 505 | 0 | _aSepultura sombría. | |
| 505 | 0 | _aLlano sobre lienzo. | |
| 505 | 0 | _aPerlas blancas. | |
| 505 | 0 | _aMañana incierta. | |
| 505 | 0 | _aDespojo. | |
| 505 | 0 | _aLa dagas. | |
| 505 | 0 | _aDiálogos extraños.- | |
| 505 | 0 | _aIntermitencia del pánico. | |
| 505 | 0 | _aLamentos encontrados. | |
| 505 | 0 | _aComo cada lunes. | |
| 505 | 0 | _aBeso imprudente. | |
| 505 | 0 | _aPor mi ventana. | |
| 505 | 0 | _aGeneración helada. | |
| 505 | 0 | _aEvidencias. | |
| 505 | 0 | _aLa llama. | |
| 505 | 0 | _aTrastorno. | |
| 700 |
_974022 _aMorfe, Wilson _etraducción. |
||
| 942 |
_2ddc _cLBS1 |
||
| 999 |
_c49346 _d49346 |
||